| Tag |
First Indicator |
Second Indicator |
Subfields |
| LEADER |
00000cam a22000001a 4500 |
| 001 |
in00004100516 |
| 005 |
20200117091311.0 |
| 006 |
m d f |
| 007 |
cr bn mmmapmmp |
| 008 |
090908s2009 dcu ob f000 0 eng d |
| 035 |
|
|
|a chdc201000890
|
| 040 |
|
|
|a UMI
|c UMI
|d UtOrBLW
|
| 042 |
|
|
|a pcc
|
| 043 |
|
|
|a n-us---
|
| 074 |
|
|
|a 1028-A
|
| 086 |
0 |
|
|a Y 4.W 36:110-97
|
| 088 |
|
|
|a Serial no. 110-97 (United States. Congress. House. Committee on Ways and Means)
|
| 110 |
1 |
|
|a United States.
|b Congress.
|b House.
|b Committee on Ways and Means.
|b Subcommittee on Social Security.
|0 http://id.loc.gov/authorities/names/n79036826
|
| 245 |
1 |
4 |
|a The performance of Social Security Administration appeals hearing offices :
|b hearing before the Subcommittee on Social Security of the Committee on Ways and Means, U.S. House of Representatives, One Hundred Tenth Congress, second session, September 16, 2008.
|
| 264 |
|
1 |
|a Washington :
|b U.S. G.P.O.,
|c 2009.
|
| 264 |
|
2 |
|a Washington :
|b For sale by the Supt. of Docs., U.S. G.P.O.
|
| 300 |
|
|
|a iii, 146 pages, digital, PDF file.
|
| 336 |
|
|
|a text
|b txt
|2 rdacontent
|
| 337 |
|
|
|a computer
|b c
|2 rdamedia
|
| 338 |
|
|
|a online resource
|b cr
|2 rdacarrier
|
| 500 |
|
|
|a Shipping list number: 2009-0418-P.
|
| 504 |
|
|
|a Includes bibliographical references
|
| 500 |
|
|
|a "Serial number 110-97."
|
| 500 |
|
|
|a Record is based on bibliographic data in ProQuest Congressional Hearings Digital Collection. Reuse except for individual research requires license from ProQuest, LLC.
|
| 500 |
|
|
|a Electronic resource.
|
| 533 |
|
|
|a Electronic reproduction.
|b [Bethesda, Md.] :
|c ProQuest,
|d 2010.
|e digital, PDF file.
|n ProQuest U.S. Congressional Hearings Digital Collection.
|n Mode of access: World Wide Web via ProQuest website.
|
| 538 |
|
|
|a System requirements: PDF reader software.
|
| 610 |
1 |
0 |
|a United States.
|b Social Security Administration
|x Management.
|
| 650 |
|
0 |
|a Examiners (Administrative procedure)
|x Recruiting
|z United States.
|
| 650 |
|
0 |
|a Disability evaluation
|z United States
|x Management.
|
| 650 |
|
0 |
|a Disability insurance claims
|z United States
|x Management.
|
| 776 |
0 |
8 |
|i Print version:
|a United States. Congress. House. Committee on Ways and Means. Subcommittee on Social Security.
|t Performance of Social Security Administration appeals hearing offices
|w 9780160838378
|w 0160838371
|w (OCoLC)435659982
|z 2009438339
|
| 776 |
0 |
8 |
|i Microfiche version:
|a United States. Congress. House. Committee on Ways and Means. Subcommittee on Social Security.
|t performance of Social Security Administration appeals hearing offices
|d [Bethesda, Md.] : ProQuest,[2010]
|o CIS 2010 H781-1
|w (ProQuest)cis01001620
|
| 856 |
4 |
0 |
|u http://proxy.library.tamu.edu/login?url=http://search.proquest.com/congcomp/getdoc?HEARING-ID=HRG-2008-WAM-0024
|y Electronic resource (PDF)
|t 0
|
| 998 |
|
|
|a cis01001620
|
| 999 |
f |
f |
|s 15e903ca-bb44-3d5f-a239-44ef1c680a7f
|i 573dbbe6-34d0-310a-af40-ddf10c0f7197
|t 0
|
| 952 |
f |
f |
|a Texas A&M University
|b College Station
|c Electronic Resources
|d Available Online
|t 0
|e Y 4.W 36:110-97
|h Superintendent of Documents classification
|
| 998 |
f |
f |
|a Y 4.W 36:110-97
|t 0
|l Available Online
|